• 首页
  • 本馆介绍
  • 公告通知
  • 最新文献
  • 馆藏检索
  • 电子资源
  • 读者导购
  • 参考咨询
  • 我的图书馆
  • 登录
  • 详细信息显示
  • 放入我的书架
  • 预约/预借图书
  • 作者相关作品
  • 分类相关作品
  • 丛书相关作品
  • 出版社相关作品

书目信息

  • 表格格式
  • 工作单格式
  • 卡片格式
书名: The grasshopper
作者: Bernard Suits.
分册号:
分册名:
出版地: Peterborough, Ont. :
 
出版社: Broadview Press
出版时间: c2005.
页数: 179 p. ;
开本: 23 cm.
丛书名:
中图分类号:
科图分类号:
其他分类号: B01
主题词:
电子资源:
000 01132pam a22003497a 450
001 E0739741203
005 20070710110415.90
008 060707r20051978onc 000 0 eng
010    @a2006278985
016    @a20059044160
020    @a155111772X.
035    @a(OCoLC)ocm61127915
040    @aNLC@beng@cNLC@dDLC
042    @alccopycat
050 00 @aHX806@bS78 2005
082 04 @a793/.01@2 22
090    @aB01
099    @dB01@ex4
100 1  @aSuits, Bernard Herbert,@d1925-
245 14 @aThe grasshopper :@bgames, life and utopia / @cBernard Suits.
260    @aPeterborough, Ont. :@bBroadview Press,@cc2005.
300    @a179 p. ;@c23 cm.
500    @aOriginal ed. published 1978.
650  6 @aUtopies.
650  6 @aSports@xPhilosophie.
650  0 @aSports@xPhilosophy.
650  0 @aUtopias.
650  6 @aJeux@xPhilosophie.
650  0 @aGames@xPhilosophy.
906    @a7@bcbc@ccopycat@d2@encip@f20@gy-gencatlg
925 0  @aacquire@b2 shelf copies@xpolicy default
955    @apv12 2006-07-07 z-processor 2 copies to SSCD@isc06 2006-07-17 (telework)@esc06 2006-07-17 copy 1 & 2 to BCCD (telework)
    
    The grasshopper : : games, life and utopia / / Bernard Suits.-Peterborough, Ont. : : Broadview Press, , c2005.
    179 p. ; ; 23 cm.
    Original ed. published 1978.
    
    ISBN 155111772X.
    
●
相关链接 在E读中查询图书 在五车中查询图书 在当当中查询图书 在豆瓣中查询图书


正题名:grasshopper     索取号:B01/x4         预约/预借

序号 登录号 条形码 馆藏地/架位号 状态 备注
1 11460   300114604   第二样本阅览室/ [索取号:B01/x4] 在馆    
唐山师范学院图书馆 欢迎您!
大连网信软件有限公司© 版权所有